| 000 | 00900cam a22002771 4500 | ||
|---|---|---|---|
| 999 |
_c129773 _d129773 |
||
| 001 | 6612548 | ||
| 003 | ARRUPE | ||
| 005 | 20190903105620.0 | ||
| 008 | 770215s1964 xx 000 0 fre | ||
| 010 | _a 67100455 | ||
| 035 | _a(OCoLC)2739292 | ||
| 040 |
_aDLC _cDeU _dOCoLC _dDLC |
||
| 041 | 1 | _afrepor | |
| 042 | _apremarc | ||
| 050 | 0 | 0 |
_aBV2230 _b.S314 |
| 100 | 1 |
_aSantos, Eduardo dos _947986 |
|
| 245 | 1 | 3 |
_aL'État portugais et le problème missionnaire. _c Eduado Dos santos Traduit du portugais par Jean Haupt. |
| 260 |
_aLisbonne, _bJunta de Investigações do Ultramar, _c1964. |
||
| 300 |
_a162 p. _c19 cm. |
||
| 504 | _aBibliography: p. 157-162. | ||
| 610 | 2 | 0 |
_aCatholic Church _zPortugal. _947987 |
| 650 | 0 |
_aMissions, Portuguese. _925855 |
|
| 650 | 0 |
_aChurch and state _zPortugal. _947988 |
|
| 906 |
_a7 _bcbc _coclcrpl _du _encip _f19 _gy-gencatlg |
||
| 942 |
_2lcc _cMONOGRAPH |
||